عرض عادي عرض مارك
  • Knisely, Karin,

مدخل إسم شخص

عدد التسجيلات المستخدمة في: 1

001 - رقم الضبط

  • حقل الضبط: 49974

003 - معرف رقم الضبط

  • حقل الضبط: OSt

005 - تاريخ ووقت أخر عملية

  • حقل الضبط: 20150729233816.0

008 - عناصر بيانات ثابتة الطول

  • حقل تحكم ثابت الطول: 150729|| aca||aabn | a|a d

040 ## - مصدر الفهرسة

  • هيئة الفهرسة الأصلية: OSt
  • وكالة الكتابة: OSt

100 ## - مدخل -- أسم شخص

  • إسم شخص: Knisely, Karin,
  • مصطلح الرابط: author.

670 ## - بيانات المصدر موجوده

  • الاستشهاد بالمصدر: Work cat.: (OSt)0: Knisely, Charles W. 49969, Engineering communication /, 2015.